000
00234nam a2200097Ia 4500
001
851827
005
20250826174503.0
008
250824s9999 xx 000 0 und d
245
0
_a
YUNUS EMRE
_c
MUSTAFA AKGÜN
260
_b
PANAMA YAYINLARI
999
_c
851827
_d
851827